Hiking in Japan : An adventurer's guide to the mountain trails

Uloženo v:
Podrobná bibliografie
Hlavní autor: Hunt, Paul
Médium: Kniha
Jazyk:Undetermined
Vydáno: New York Kodansha International 1988
Témata:
Tagy: Přidat tag
Žádné tagy, Buďte první, kdo otaguje tento záznam!
Thư viện lưu trữ: Trung tâm Học liệu Trường Đại học Cần Thơ
LEADER 00537nam a2200205Ia 4500
001 CTU_111490
008 210402s9999 xx 000 0 und d
082 |a 915.2044 
082 |b H939 
100 |a Hunt, Paul 
245 0 |a Hiking in Japan : 
245 3 |b An adventurer's guide to the mountain trails 
245 0 |c Paul Hunt 
260 |a New York 
260 |b Kodansha International 
260 |c 1988 
650 |a Hiking,Japan 
650 |z Japan 
904 |i Năm 
980 |a Trung tâm Học liệu Trường Đại học Cần Thơ